[Event "Online Olym Top DivA 2021"]
[Site "chess.com INT"]
[Date "2021.09.10"]
[Round "9.2"]
[Board "1"]
[White "Priasmoro, Novendra"]
[Black "Kuybokarov, Temur"]
[Result "0-1"]
[WhiteTitle "GM"]
[BlackTitle "GM"]
[WhiteElo "2502"]
[BlackElo "2549"]
[WhiteTeam "Indonesia"]
[BlackTeam "Australia"]
[WhiteFideId "7105029"]
[BlackFideId "14203049"]
[EventDate "2021.09.08"]
[EventType "team"]

1. e4 e5 2. Nf3 Nc6 3. Bb5 a6 4. Ba4 Nf6 5. O-O b5 6. Bb3 Bc5 7. c3 d6 8. a4 Bb7
9. d4 Bb6 10. Bg5 h6 11. Bxf6 Qxf6 12. Bd5 O-O 13. axb5 axb5 14. Na3 Rab8 15.
Nxb5 Nxd4 16. cxd4 c6 17. Nxd6 cxd5 18. dxe5 Qe6 19. Nxb7 dxe4 20. Nd6 exf3 21.
Qxf3 Bd4 22. Nf5 Bxb2 23. Rae1 Bxe5 24. Qh5 Rfe8 25. f4 Qb6+ 26. Kh1 Bf6 27. h3
Rxe1 28. Rxe1 Qf2 29. Qe2 Qxf4 30. Rf1 Qg5 31. h4 Qg6 32. Qe4 Rb2 33. g3 h5 34.
Rc1 Rf2 35. Rc5 Bxh4 36. gxh4 Rf1+ 37. Kh2 Qg1+ 38. Kh3 Qxc5 39. Nh6+ Kh8 40.
Qa8+ Kh7 0-1

[Event "Online Olym Top DivA 2021"]
[Site "chess.com INT"]
[Date "2021.09.10"]
[Round "9.2"]
[Board "3"]
[White "Sukandar, Irine Kharisma"]
[Black "Zhang, Jilin"]
[Result "1-0"]
[WhiteTitle "IM"]
[BlackTitle "WGM"]
[WhiteElo "2406"]
[BlackElo "2245"]
[WhiteTeam "Indonesia"]
[BlackTeam "Australia"]
[WhiteFideId "7101937"]
[BlackFideId "8602867"]
[EventDate "2021.09.08"]
[EventType "team"]

1. d4 Nf6 2. Bf4 e6 3. e3 d5 4. Nd2 Bd6 5. Bg3 b6 6. Ngf3 Bxg3 7. hxg3 Ba6 8.
Bxa6 Nxa6 9. c4 O-O 10. Rc1 Nb4 11. Qb3 a5 12. a3 dxc4 13. Qxc4 Na6 14. O-O c5
15. Rfd1 Qd5 16. Qe2 Qh5 17. Nc4 Rfb8 18. Nce5 Ng4 19. Nc6 Re8 20. Qb5 h6 21.
Qxb6 cxd4 22. Rxd4 e5 23. Rd5 a4 24. Ra5 f5 25. Ncxe5 Rxe5 26. Rxe5 Nxe5 27.
Nxe5 Qe8 28. Qb7 Rd8 29. Nc6 Nc5 30. Qb5 Nd3 31. Qc4+ Kh7 32. Nxd8 Nxc1 33. Nc6
Nb3 34. Qd5 Qc8 35. Kh2 Kh8 36. Ne7 Qe8 37. Nxf5 Qh5+ 38. Kg1 Kh7 39. e4 Nc1 40.
f3 Qg5 41. Qd1 Nb3 42. f4 Qf6 43. Qc2 Qb6+ 44. Kh2 Qg6 45. Qd3 Nc5 46. Qd4 Qh5+
47. Kg1 Ne6 48. Qd7 Qg6 49. Qxa4 h5 50. Qc4 h4 51. Nxh4 Qxg3 52. Qxe6 Qe3+ 53.
Kh1 Qc1+ 54. Kh2 Qxf4+ 55. Kh3 Qe3+ 56. g3 Qe2 57. Qf5+ Kg8 58. Ng2 Qxb2 59. a4
Qb6 60. Nf4 Qh6+ 61. Kg2 Qa6 62. Qe6+ 1-0

[Event "Online Olym Top DivA 2021"]
[Site "chess.com INT"]
[Date "2021.09.10"]
[Round "9.2"]
[Board "4"]
[White "Phan, Nguyen Mai Chi"]
[Black "Aulia, Medina Warda"]
[Result "0-1"]
[WhiteTitle "WFM"]
[BlackTitle "IM"]
[WhiteElo "2139"]
[BlackElo "2367"]
[WhiteTeam "Australia"]
[BlackTeam "Indonesia"]
[WhiteFideId "12401684"]
[BlackFideId "7101570"]
[EventDate "2021.09.08"]
[EventType "team"]

1. d4 e6 2. Nf3 Nf6 3. Bf4 c5 4. e3 Qb6 5. Qc1 Nc6 6. c3 d5 7. Nbd2 Be7 8. Bd3
h6 9. h3 c4 10. Bc2 Bd7 11. e4 Nxe4 12. Nxe4 dxe4 13. Bxe4 Bf6 14. Qd2 Ne7 15.
O-O Bc6 16. Rfe1 Bxe4 17. Rxe4 Nd5 18. Be5 O-O-O 19. Rb1 Qc6 20. Ree1 Rhg8 21.
b3 Nb6 22. Rec1 Bg5 23. Bf4 Bxf4 24. Qxf4 f6 25. Nd2 e5 26. dxe5 fxe5 27. Qg4+
Qd7 28. Nxc4 Qxg4 29. Nxb6+ axb6 30. hxg4 Rd2 31. a4 Rf8 32. Rf1 Rf4 33. f3 e4
34. Rf2 Rd3 35. fxe4 Rxg4 36. Re2 Kd7 37. e5 Ke6 38. b4 Rg5 39. c4 Rxe5 40.
Rxe5+ Kxe5 41. c5 bxc5 42. bxc5 Rd7 43. Kf2 Rf7+ 44. Kg3 Kd5 45. Rb5 Kc6 46. Kg4
Rd7 47. Kf5 Rd5+ 48. Kf4 Rxc5 49. Rxc5+ Kxc5 50. Kf5 Kb4 51. Kg6 Kxa4 52. Kxg7
b5 53. g4 b4 54. Kxh6 b3 55. g5 b2 56. g6 b1=Q 57. g7 Qb3 58. Kh7 Qh3+ 59. Kg6
Qg4+ 60. Kf7 Qf5+ 61. Ke7 Qg6 62. Kf8 Qf6+ 63. Kg8 Kb5 64. Kh7 Qh4+ 65. Kg6 Qg4+
66. Kf7 Qf5+ 67. Ke8 Qe6+ 68. Kf8 Qf6+ 69. Kg8 Kc6 70. Kh7 Qf7 71. Kh8 Qh5+ 72.
Kg8 Kd7 0-1

[Event "Online Olym Top DivA 2021"]
[Site "chess.com INT"]
[Date "2021.09.10"]
[Round "9.2"]
[Board "5"]
[White "Tarigan, Gilbert Elroy"]
[Black "Asaka, Samuel"]
[Result "0-1"]
[WhiteTitle "IM"]
[WhiteElo "2149"]
[BlackElo "2254"]
[WhiteTeam "Indonesia"]
[BlackTeam "Australia"]
[WhiteFideId "7108133"]
[BlackFideId "3228690"]
[EventDate "2021.09.08"]
[EventType "team"]

1. d4 Nf6 2. Nf3 d5 3. c4 e6 4. Nc3 Bb4 5. cxd5 exd5 6. Bg5 h6 7. Bxf6 Qxf6 8.
e3 O-O 9. Be2 c6 10. O-O Bg4 11. Ne5 Bxe2 12. Qxe2 Qe7 13. Qg4 Rd8 14. Rab1 Nd7
15. Nd3 Bd6 16. b4 b5 17. a4 a6 18. a5 Nf6 19. Qh4 g5 20. Qh3 Kg7 21. Qf5 Ne4
22. Rbc1 Nd2 23. Rfd1 Nc4 24. Rb1 Re8 25. Re1 Qe6 26. Qxe6 Rxe6 27. Ne2 Rae8 28.
Nec1 f5 29. Nb3 R6e7 30. Nbc5 Ra8 31. Re2 Kf6 32. Rbe1 h5 33. g3 g4 34. Kg2 h4
35. Kg1 Rh7 36. Nf4 Bxc5 37. dxc5 Re8 38. Rd1 Ne5 39. Rc2 Nf3+ 40. Kg2 hxg3 41.
hxg3 Rh2+ 42. Kf1 Rxe3 43. Re2 Rh1+ 44. Kg2 Rh2+ 45. Kf1 Rxe2 46. Kxe2 d4 47.
Nd3 Ke6 48. Nf4+ Ke5 49. Ng6+ Kd5 50. Rc1 Ke4 51. Rd1 d3+ 52. Rxd3 Nd4+ 53.
Rxd4+ Kxd4 54. Ne7 f4 55. Nxc6+ Kc4 56. Ne5+ Kxb4 57. Nxg4 fxg3 58. Kf1 Rh4 59.
Ne5 gxf2 60. c6 Rh8 61. Kxf2 Kxa5 62. Ke3 Kb6 63. Kd4 Rd8+ 64. Kc3 Rc8 0-1

[Event "Online Olym Top DivA 2021"]
[Site "chess.com INT"]
[Date "2021.09.10"]
[Round "9.2"]
[Board "6"]
[White "Middleton, Jody"]
[Black "Nur Abidah, Shanti"]
[Result "1/2-1/2"]
[BlackTitle "WIM"]
[WhiteElo "1850"]
[BlackElo "1986"]
[WhiteTeam "Australia"]
[BlackTeam "Indonesia"]
[WhiteFideId "3215660"]
[BlackFideId "7104898"]
[EventDate "2021.09.08"]
[EventType "team"]

1. d4 d5 2. c4 e6 3. Nc3 Nf6 4. cxd5 exd5 5. Bg5 c6 6. e3 Be7 7. Bd3 h6 8. Bh4
O-O 9. Qc2 Re8 10. Nf3 Nbd7 11. O-O Ne4 12. Bg3 f5 13. Nxd5 Nxg3 14. Nxe7+ Qxe7
15. hxg3 g6 16. Nh4 Nf8 17. Rfe1 Qf6 18. e4 fxe4 19. Bxe4 Kg7 20. d5 Bd7 21. Qb3
Rab8 22. Rac1 a5 23. Qa3 cxd5 24. Bxd5 b6 25. Be4 Rbc8 26. Rcd1 Rcd8 27. Rd6 Be6
28. Red1 Rxd6 29. Rxd6 Qe5 30. Qc3 Qxc3 31. bxc3 g5 32. Nf5+ Bxf5 33. Bxf5 Re1+
34. Kh2 Re2 35. Rxb6 Rxf2 36. g4 Rxa2 37. Rb7+ Kf6 38. Rb6+ Kg7 39. c4 Ra3 40.
c5 Rc3 41. c6 Kg8 42. Bd7 Kf7 43. Rb7 Ke7 44. Bf5+ Kd6 45. Rb8 Ne6 46. Rh8 Rxc6
47. Rxh6 Ke5 48. Rg6 Nd4 49. Rxg5 Kf4 50. Rg6 Rxg6 1/2-1/2

[Event "Online Olym Top DivA 2021"]
[Site "chess.com INT"]
[Date "2021.09.10"]
[Round "9.3"]
[Board "2"]
[White "Gabuzyan, Hovhannes"]
[Black "Yu, Yangyi"]
[Result "1-0"]
[WhiteTitle "GM"]
[BlackTitle "GM"]
[WhiteElo "2583"]
[BlackElo "2704"]
[WhiteTeam "Armenia"]
[BlackTeam "China"]
[WhiteFideId "13303732"]
[BlackFideId "8603820"]
[EventDate "2021.09.08"]
[EventType "team"]

1. e4 e5 2. Nf3 Nf6 3. Nxe5 d6 4. Nf3 Nxe4 5. Nc3 Nxc3 6. dxc3 Be7 7. Be3 Nd7 8.
Qd2 Nf6 9. O-O-O O-O 10. c4 Re8 11. h3 c6 12. Bd3 d5 13. Rhe1 Ne4 14. Bxe4 dxe4
15. Qc3 Qc7 16. Nd2 Bf5 17. Bd4 Bf8 18. g4 Bg6 19. c5 b5 20. h4 h6 21. Nf1 Qf4+
22. Ne3 Rad8 23. Kb1 Rd7 24. Rg1 Red8 25. h5 Bh7 26. g5 hxg5 27. a4 b4 28. Qxb4
Qxf2 29. Rxg5 Rxd4 30. Rxd4 Qxe3 31. Rxd8 Qxg5 32. Qd4 Qh6 33. Rxf8+ 1-0

[Event "Online Olym Top DivA 2021"]
[Site "chess.com INT"]
[Date "2021.09.10"]
[Round "9.3"]
[Board "3"]
[White "Lei, Tingjie"]
[Black "Gaboyan, Susanna"]
[Result "1/2-1/2"]
[WhiteTitle "GM"]
[BlackTitle "WIM"]
[WhiteElo "2505"]
[BlackElo "2253"]
[WhiteTeam "China"]
[BlackTeam "Armenia"]
[WhiteFideId "8605114"]
[BlackFideId "13303627"]
[EventDate "2021.09.08"]
[EventType "team"]

1. e4 c5 2. Nf3 Nc6 3. Bb5 g6 4. Bxc6 dxc6 5. d3 Bg7 6. h3 Nf6 7. Nc3 Nd7 8. Be3
e5 9. Qd2 Qe7 10. Nh2 Nf8 11. a4 Ne6 12. a5 f5 13. f3 O-O 14. exf5 gxf5 15. O-O
Kh8 16. Rae1 Qh4 17. Bf2 Qb4 18. Bg3 f4 19. Bf2 Qxa5 20. Ne4 Qxd2 21. Nxd2 h5
22. Nc4 Rf5 23. Nd6 Rf8 24. Nc4 Rf5 25. Nd6 Rf8 26. Nc4 1/2-1/2

[Event "Online Olym Top DivA 2021"]
[Site "chess.com INT"]
[Date "2021.09.10"]
[Round "9.3"]
[Board "4"]
[White "Ghukasyan, Siranush"]
[Black "Huang, Qian"]
[Result "1-0"]
[WhiteTitle "WIM"]
[BlackTitle "WGM"]
[WhiteElo "2168"]
[BlackElo "2433"]
[WhiteTeam "Armenia"]
[BlackTeam "China"]
[WhiteFideId "13300946"]
[BlackFideId "8602689"]
[EventDate "2021.09.08"]
[EventType "team"]

1. e4 d6 2. d4 e5 3. Nf3 exd4 4. Nxd4 Nf6 5. Nc3 Be7 6. Bc4 O-O 7. O-O c6 8. a4
Re8 9. Re1 Bf8 10. Bg5 h6 11. Bh4 Nbd7 12. f4 Qb6 13. Kh1 Qxb2 14. Qd2 Qb4 15.
Ba2 Qa5 16. Nf5 Nh7 17. Re3 Ndf6 18. Nxd6 Bxd6 19. Qxd6 Be6 20. Bxe6 Rxe6 21.
Qd3 Rd8 22. Qe2 Rd4 23. e5 Nd5 24. Nxd5 Qxd5 25. Qg4 Rg6 26. Qf3 Qxf3 27. Rxf3
Re6 28. Bf2 Rd2 29. Bxa7 Nf8 30. Rd3 Rxd3 31. cxd3 Re7 32. Bc5 Rd7 33. Bd6 Ne6
34. g3 f6 35. a5 fxe5 36. fxe5 Nd4 37. a6 bxa6 38. Rxa6 Kf7 39. Ra4 Nb5 40. Rc4
Nxd6 41. Rxc6 Re7 42. exd6 Re1+ 43. Kg2 Ke6 44. Rc7 g5 45. Re7+ 1-0

[Event "Online Olym Top DivA 2021"]
[Site "chess.com INT"]
[Date "2021.09.10"]
[Round "9.3"]
[Board "5"]
[White "Xu, Zhihang"]
[Black "Gharibyan, Mamikon"]
[Result "1-0"]
[WhiteTitle "IM"]
[BlackTitle "IM"]
[WhiteElo "2515"]
[BlackElo "2471"]
[WhiteTeam "China"]
[BlackTeam "Armenia"]
[WhiteFideId "8611572"]
[BlackFideId "13308300"]
[EventDate "2021.09.08"]
[EventType "team"]

1. d4 Nf6 2. Nf3 e6 3. c4 d5 4. Nc3 Bb4 5. Bg5 h6 6. Bxf6 Qxf6 7. e3 O-O 8. Rc1
Nc6 9. cxd5 exd5 10. a3 Bxc3+ 11. Rxc3 Ne7 12. Bd3 c6 13. Ne5 Bf5 14. Qf3 Qe6
15. O-O f6 16. Bxf5 Nxf5 17. Nd3 Nd6 18. Rfc1 Qe7 19. a4 Rfe8 20. Nc5 Qf7 21. h3
h5 22. b4 a6 23. Qf4 Rad8 24. h4 Qg6 25. Nxb7 Nxb7 26. Rxc6 Qg4 27. Qxg4 hxg4
28. Rxa6 Nd6 29. Rc7 g3 30. Raa7 Nf5 31. fxg3 Re4 32. b5 Rb8 33. Kf2 Kh7 34. g4
Rxg4 35. Kf3 Rg3+ 36. Kf4 Re8 37. Kxf5 Re4 38. Re7 Rxh4 39. Ke6 Rxe3+ 40. Kxd5
Rg3 41. b6 Rgg4 42. Rxg7+ Rxg7 43. Rxg7+ Kxg7 44. b7 Rh8 45. a5 1-0

[Event "Online Olym Top DivA 2021"]
[Site "chess.com INT"]
[Date "2021.09.10"]
[Round "9.3"]
[Board "6"]
[White "Mkrtchyan, Mariam"]
[Black "Zhu, Jiner"]
[Result "1-0"]
[WhiteTitle "WFM"]
[BlackTitle "WGM"]
[WhiteElo "2234"]
[BlackElo "2455"]
[WhiteTeam "Armenia"]
[BlackTeam "China"]
[WhiteFideId "13310828"]
[BlackFideId "8608059"]
[EventDate "2021.09.08"]
[EventType "team"]

1. Nf3 Nf6 2. g3 e6 3. Bg2 d5 4. O-O c5 5. d4 Nc6 6. c4 dxc4 7. Ne5 Nxe5 8. dxe5
Qxd1 9. Rxd1 Nd7 10. Na3 Be7 11. Nxc4 Rb8 12. f4 O-O 13. Be3 Rd8 14. Rd2 Kf8 15.
Rad1 Ke8 16. b3 f6 17. a4 fxe5 18. fxe5 g5 19. Bh3 b6 20. Bxe6 a6 21. Nd6+ Bxd6
22. Rxd6 b5 23. Bxg5 1-0

[Event "Online Olym Top DivA 2021"]
[Site "chess.com INT"]
[Date "2021.09.10"]
[Round "9.4"]
[Board "1"]
[White "Mastrovasilis, Dimitrios"]
[Black "Szabo, Gergely-Andras-Gyula"]
[Result "1/2-1/2"]
[WhiteTitle "GM"]
[BlackTitle "GM"]
[WhiteElo "2615"]
[BlackElo "2531"]
[WhiteTeam "Greece"]
[BlackTeam "Romania"]
[WhiteFideId "4202694"]
[BlackFideId "1205064"]
[EventDate "2021.09.08"]
[EventType "team"]

1. e4 e6 2. d4 d5 3. Nc3 Nf6 4. Bg5 dxe4 5. Nxe4 Be7 6. Bxf6 gxf6 7. Qd2 f5 8.
Nc3 a6 9. g3 c5 10. d5 b5 11. Bg2 Bb7 12. O-O-O b4 13. Nce2 Qa5 14. Kb1 c4 15.
Qd4 O-O 16. d6 Bxg2 17. dxe7 Re8 18. Nf4 Nc6 19. Qf6 Bxh1 20. Qg5+ Kh8 21. Qf6+
Kg8 22. Nh5 Qe5 23. Qh6 Be4 24. f4 Bxc2+ 25. Kxc2 Nd4+ 26. Rxd4 b3+ 27. Kc3 Qe3+
28. Kb4 Rab8+ 29. Ka4 Qxd4 30. Nf6+ Qxf6 31. Qxf6 bxa2 32. Qg5+ Kh8 33. Qf6+ Kg8
34. Qg5+ Kh8 1/2-1/2

[Event "Online Olym Top DivA 2021"]
[Site "chess.com INT"]
[Date "2021.09.10"]
[Round "9.4"]
[Board "2"]
[White "Miron, Lucian-Costin"]
[Black "Pavlidis, Antonios"]
[Result "1/2-1/2"]
[WhiteTitle "GM"]
[BlackTitle "GM"]
[WhiteElo "2512"]
[BlackElo "2536"]
[WhiteTeam "Romania"]
[BlackTeam "Greece"]
[WhiteFideId "1210920"]
[BlackFideId "4212312"]
[EventDate "2021.09.08"]
[EventType "team"]

1. e4 e5 2. Nf3 Nc6 3. Bb5 a6 4. Ba4 Nf6 5. O-O Nxe4 6. d4 Be7 7. Re1 b5 8. Bb3
d5 9. dxe5 Be6 10. c3 O-O 11. Nbd2 Nc5 12. Nf1 Nxb3 13. axb3 Qd7 14. Ng3 f6 15.
Bf4 Bg4 16. e6 Bxe6 17. Bxc7 Bg4 18. Bf4 g5 19. Bd2 Bd6 20. h3 Be6 21. Be3 Bxg3
22. fxg3 Bf5 23. Nd4 Be4 24. Nxc6 Qxc6 25. Bd4 Rae8 26. Rf1 Bg6 27. Qd2 Re6 28.
Rf2 h6 29. g4 Kh7 30. Re1 Rxe1+ 31. Qxe1 Be4 32. Qf1 Kg6 33. b4 1/2-1/2

[Event "Online Olym Top DivA 2021"]
[Site "chess.com INT"]
[Date "2021.09.10"]
[Round "9.4"]
[Board "3"]
[White "Pavlidou, Ekaterini"]
[Black "Peptan, Corina-Isabela"]
[Result "1/2-1/2"]
[WhiteTitle "WIM"]
[BlackTitle "IM"]
[WhiteElo "2169"]
[BlackElo "2385"]
[WhiteTeam "Greece"]
[BlackTeam "Romania"]
[WhiteFideId "4213262"]
[BlackFideId "1201930"]
[EventDate "2021.09.08"]
[EventType "team"]

1. d4 d5 2. c4 dxc4 3. e3 Nf6 4. Nf3 e6 5. Bxc4 a6 6. a4 c5 7. O-O Nbd7 8. Qe2
cxd4 9. exd4 Nb6 10. Bb3 Be7 11. Nc3 Bd7 12. a5 Nbd5 13. Ne5 Bc6 14. Nxc6 bxc6
15. Bd2 O-O 16. Na4 Qc7 17. Rfc1 Qb7 18. Bc2 Nd7 19. Qe4 g6 20. b4 Rfb8 21. Nc5
Nxc5 22. dxc5 Qd7 23. Ra3 Bf6 24. Rh3 Ra7 25. g4 Qe7 26. g5 Bxg5 27. Qe5 Bxd2
28. Qxb8+ Kg7 29. Rd1 Bf4 30. Qc8 Qg5+ 31. Rg3 Bxg3 32. hxg3 Qg4 33. Rxd5 cxd5
34. Qb8 Re7 35. Qd6 Rb7 36. c6 Rxb4 37. Bd3 Qd1+ 38. Kg2 Rb3 39. Qe5+ f6 40.
Qc7+ Kh6 41. Qf4+ Kg7 42. Qc7+ Kh6 43. Qf4+ Kg7 44. Qc7+ 1/2-1/2

[Event "Online Olym Top DivA 2021"]
[Site "chess.com INT"]
[Date "2021.09.10"]
[Round "9.4"]
[Board "4"]
[White "Cosma, Elena-Luminita"]
[Black "Botsari, Anna-Maria"]
[Result "1-0"]
[WhiteTitle "WGM"]
[BlackTitle "WGM"]
[WhiteElo "2296"]
[BlackElo "2222"]
[WhiteTeam "Romania"]
[BlackTeam "Greece"]
[WhiteFideId "1201590"]
[BlackFideId "4200446"]
[EventDate "2021.09.08"]
[EventType "team"]

1. d4 Nf6 2. Nf3 e6 3. g3 b5 4. Bg2 Bb7 5. O-O c5 6. Na3 a6 7. c4 b4 8. Nc2 cxd4
9. Nfxd4 Bxg2 10. Kxg2 Qc7 11. Qd3 Nc6 12. Nxc6 Qxc6+ 13. Qf3 Qxf3+ 14. Kxf3 Rc8
15. Ne3 Bc5 16. b3 Bd4 17. Rb1 O-O 18. Bb2 Bxe3 19. Kxe3 Ng4+ 20. Kf4 h5 21. h3
Nf6 22. Bxf6 gxf6 23. Rfd1 Rfd8 24. Rd6 a5 25. Rbd1 Rc7 26. e4 Kf8 27. Ra6 Rc5
28. Ra7 Ke7 29. h4 Re5 30. Rd2 Rc5 31. f3 Re5 32. g4 Rc5 33. Ke3 hxg4 34. fxg4
f5 35. Kd4 Rdc8 36. exf5 exf5 37. Re2+ Kd6 38. Ra6+ R8c6 39. Rxc6+ Kxc6 40. g5
Kd6 41. Rh2 Re5 42. h5 Re4+ 43. Kd3 Re8 44. h6 Rg8 45. h7 Rh8 46. Kd4 Ke6 47.
Rh6+ Ke7 48. Ke5 Kf8 49. Kxf5 Kg7 50. c5 f6 51. Rg6+ Kxh7 52. Rh6+ Kg7 53. Rxh8
Kxh8 54. Kxf6 Kg8 55. Ke7 Kg7 56. Kxd7 Kg6 57. c6 1-0

[Event "Online Olym Top DivA 2021"]
[Site "chess.com INT"]
[Date "2021.09.10"]
[Round "9.4"]
[Board "5"]
[White "Ioannidis, Evgenios"]
[Black "Gavrilescu, David"]
[Result "0-1"]
[WhiteTitle "IM"]
[BlackTitle "IM"]
[WhiteElo "2445"]
[BlackElo "2477"]
[WhiteTeam "Greece"]
[BlackTeam "Romania"]
[WhiteFideId "4229274"]
[BlackFideId "1227190"]
[EventDate "2021.09.08"]
[EventType "team"]

1. d4 d5 2. c4 e6 3. Nc3 a6 4. cxd5 exd5 5. Nf3 c6 6. e4 dxe4 7. Ng5 Be7 8. Bc4
Bxg5 9. Qh5 Be7 10. Qxf7+ Kd7 11. Be6+ Kc7 12. Bxc8 Kxc8 13. Bf4 Nd7 14. Qe6 Bb4
15. O-O Qe7 16. Qh3 Bxc3 17. bxc3 Nf6 18. c4 b6 19. a4 Kb7 20. Rab1 Rhc8 21. Rb2
Ra7 22. Rfb1 Ka8 23. Qf5 g6 24. Qg5 Rb7 25. h3 Qe6 26. Rc1 Qf5 27. Qh6 Rg8 28.
g4 Qe6 29. Rc3 g5 30. Bxg5 Rg6 31. Qh4 h6 32. Bf4 Qf5 33. Qg3 Nxg4 34. Kf1 Nge5 0-1

[Event "Online Olym Top DivA 2021"]
[Site "chess.com INT"]
[Date "2021.09.10"]
[Round "9.4"]
[Board "6"]
[White "Bucur, Denisa-Andreea"]
[Black "Tsivelekidou, Evgenia"]
[Result "0-1"]
[WhiteElo "2049"]
[BlackElo "1972"]
[WhiteTeam "Romania"]
[BlackTeam "Greece"]
[WhiteFideId "1238019"]
[BlackFideId "4274830"]
[EventDate "2021.09.08"]
[EventType "team"]

1. d4 Nf6 2. Nf3 e6 3. c4 Bb4+ 4. Bd2 a5 5. e3 O-O 6. Nc3 d5 7. Bd3 dxc4 8. Bxc4
c6 9. O-O Nbd7 10. Qc2 Qe7 11. a3 Bd6 12. e4 e5 13. d5 Nb6 14. Ba2 cxd5 15. exd5
Bg4 16. Ng5 Rac8 17. Qb3 Nbd7 18. Nge4 Nc5 19. Nxc5 Rxc5 20. Be3 Rcc8 21. Qa4 e4
22. Bd4 Nd7 23. Qc2 Bf3 24. Qd2 Qh4 25. h3 Ne5 26. Bxe5 Bxe5 27. Rfe1 Bf4 28.
Qd4 Qg5 29. g4 Qh4 30. Nxe4 Qxh3 31. Nf6+ gxf6 0-1

[Event "Online Olym Top DivA 2021"]
[Site "chess.com INT"]
[Date "2021.09.10"]
[Round "9.5"]
[Board "1"]
[White "Maghsoodloo, Parham"]
[Black "Mchedlishvili, Mikheil"]
[Result "1-0"]
[WhiteTitle "GM"]
[BlackTitle "GM"]
[WhiteElo "2695"]
[BlackElo "2571"]
[WhiteTeam "Iran"]
[BlackTeam "Georgia"]
[WhiteFideId "12539929"]
[BlackFideId "13600966"]
[EventDate "2021.09.08"]
[EventType "team"]

1. d4 d5 2. c4 c6 3. Nf3 Nf6 4. e3 e6 5. Bd3 dxc4 6. Bxc4 Nbd7 7. a4 Bd6 8. Nc3
O-O 9. O-O e5 10. a5 Qe7 11. Qc2 Rb8 12. h3 b5 13. axb6 axb6 14. Bd3 Re8 15. Ne4
c5 16. Nxf6+ Nxf6 17. dxe5 Bxe5 18. e4 Bb7 19. Re1 Ra8 20. Rxa8 Rxa8 21. Qb3 Bc7
22. Bc4 h6 23. e5 Bxf3 24. Qxf3 Ra1 25. Qb7 Kh8 26. f4 Ng8 27. Qd5 b5 28. Bxb5
Qh4 29. Rf1 Rxc1 30. Rxc1 Qxf4 31. Rf1 Qxe5 32. Qxe5 Bxe5 33. Rxf7 Bxb2 34. Rf8
Kh7 35. Bd3+ g6 36. Bxg6+ Kxg6 37. Rxg8+ Kf5 38. Rc8 Ke4 39. Kf1 Kd4 40. Ke2 c4
41. Kd2 Kd5 42. Ra8 Be5 43. Ra6 Bf4+ 44. Kc3 Be5+ 45. Kc2 Bf4 46. h4 Ke4 47. Rc6
Kf5 48. Rxc4 Kg4 49. Kd3 Kg3 50. Ke4 Bd2 51. Kf5 1-0

[Event "Online Olym Top DivA 2021"]
[Site "chess.com INT"]
[Date "2021.09.10"]
[Round "9.5"]
[Board "2"]
[White "Volkov, Nika"]
[Black "Idani, Pouya"]
[Result "1-0"]
[BlackTitle "GM"]
[WhiteElo "2105"]
[BlackElo "2627"]
[WhiteTeam "Georgia"]
[BlackTeam "Iran"]
[WhiteFideId "13604376"]
[BlackFideId "12510130"]
[EventDate "2021.09.08"]
[EventType "team"]

1. d4 Nf6 2. c4 e6 3. Nc3 Bb4 4. Qb3 c5 5. e3 O-O 6. Nf3 b6 7. Be2 Bb7 8. O-O d6
9. a3 Bxc3 10. Qxc3 Nbd7 11. b4 Rc8 12. dxc5 dxc5 13. Bb2 Qe7 14. b5 Rfe8 15. a4
e5 16. a5 Ne4 17. Qc2 Ng5 18. Qf5 Bxf3 19. gxf3 g6 20. Qg4 h5 21. Qg2 Ne6 22.
Rfd1 Ng7 23. axb6 Nxb6 24. Ra3 Rcd8 25. Rxd8 Rxd8 26. Bc3 Nf5 27. Qf1 Nd6 28.
Qa1 Rd7 29. Bxe5 Ndxc4 30. Bh8 f5 31. Bf6 Qe6 32. Rd3 Rxd3 33. Bxd3 Nxe3 34. Bh8
Kf7 35. Qxa7+ Nd7 36. b6 c4 37. Be2 c3 38. b7 c2 39. Bb2 Qd6 40. Qxe3 1-0

[Event "Online Olym Top DivA 2021"]
[Site "chess.com INT"]
[Date "2021.09.10"]
[Round "9.5"]
[Board "3"]
[White "Khademalsharieh, Sarasadat"]
[Black "Janiashvili, Mariami"]
[Result "1-0"]
[WhiteTitle "IM"]
[BlackTitle "WFM"]
[WhiteElo "2490"]
[BlackElo "1940"]
[WhiteTeam "Iran"]
[BlackTeam "Georgia"]
[WhiteFideId "12512214"]
[BlackFideId "13612077"]
[EventDate "2021.09.08"]
[EventType "team"]

1. d4 d5 2. c4 e6 3. Nc3 Nf6 4. cxd5 exd5 5. Bg5 c6 6. e3 Be7 7. Bd3 O-O 8. Qc2
Nbd7 9. Nge2 Re8 10. O-O h6 11. Bf4 Nf8 12. Rae1 Ne6 13. Be5 c5 14. dxc5 Nxc5
15. Rd1 Be6 16. Nf4 Rc8 17. Bxf6 Bxf6 18. Ncxd5 Bxd5 19. Nxd5 Nxd3 20. Qxd3 Bxb2
21. Qb3 Be5 22. Qxb7 Bb8 23. a4 Qg5 24. f4 Qh4 25. Rd2 Rcd8 26. Ne7+ Kh8 27.
Rxd8 Rxd8 28. Nc6 Bxf4 29. exf4 Rd2 30. Ne5 1-0

[Event "Online Olym Top DivA 2021"]
[Site "chess.com INT"]
[Date "2021.09.10"]
[Round "9.5"]
[Board "4"]
[White "Kostava, Elene"]
[Black "Alinasab, Mobina"]
[Result "0-1"]
[BlackTitle "WIM"]
[WhiteElo "1769"]
[BlackElo "2309"]
[WhiteTeam "Georgia"]
[BlackTeam "Iran"]
[WhiteFideId "13603280"]
[BlackFideId "12528897"]
[EventDate "2021.09.08"]
[EventType "team"]

1. Nf3 Nf6 2. e3 e6 3. c4 c5 4. b3 b6 5. Bb2 Bb7 6. Be2 Be7 7. O-O O-O 8. d4
cxd4 9. Nxd4 a6 10. Bf3 Qc7 11. Nd2 d6 12. Bxb7 Qxb7 13. N2f3 Nbd7 14. Rc1 Rac8
15. Qe2 Rfe8 16. Rfd1 Bf8 17. h3 d5 18. cxd5 Nxd5 19. Rxc8 Rxc8 20. Rc1 Rxc1+
21. Bxc1 e5 22. Nf5 e4 23. Ng5 N5f6 24. h4 h6 25. Nh3 Qd5 26. Nd4 Nc5 27. Nf4
Qb7 28. Bb2 Qd7 29. Ba1 b5 30. Bb2 Nd5 31. Nxd5 Qxd5 32. Qg4 Nd3 33. Bc3 b4 34.
Bd2 a5 35. Qf5 Qxf5 36. Nxf5 g6 37. Nd4 Bg7 38. Kf1 f5 39. Nc6 Bc3 40. Ke2 Bxd2
41. Kxd2 Nxf2 42. Nxa5 Kf7 43. Nc4 Ke6 44. a3 bxa3 45. Nxa3 Kd5 46. Nc4 Nd3 47.
Nb6+ Kc5 48. Nc8 g5 49. hxg5 hxg5 50. Ne7 f4 51. exf4 gxf4 52. Nf5 Kd5 53. g4
Ne5 54. g5 Nf3+ 55. Ke2 Nxg5 56. b4 Ne6 57. b5 Ke5 58. Nh4 Nd4+ 59. Kf2 e3+ 60.
Ke1 Nxb5 61. Nf3+ Ke4 62. Ng5+ Kf5 63. Nf3 Nc3 64. Nd4+ Ke4 65. Nc2 f3 66. Kf1
Nd5 67. Ke1 Nf4 68. Nb4 Nd3+ 69. Nxd3 Kxd3 0-1